banner-ar

من الاعجاز اللغوى فى القران : (Record no. 61764)

MARC details
000 -الفاتح
حقل البيانات ثابتة الطول 01105nam a22002657a 4500
005 - وقت وتاريخ اخر تعامل مع التسجيلة
رقم الضبط 20240530110515.0
008 - عناصر البيانات ثابتة الطول - معلومات عامة
حقل البيانات ثابتة الطول 160117b2013 ua g b 000 0 ara d
017 ## - رقم الايداع القانونى
رقم الايداع القانونى 2013/16185
المصدر ( الهيئة المختصة) مصر . دار الكتب المصرية
020 ## - الرقم الدولى المعيارى للكتب
الرقم الدولى المعيارى للكتاب 9789774383561
040 ## - مصدر الفهرسة
وكالة الفهرسة الأصلية EG-CaGPL
082 04 - رقم تصنيف ديوى العشرى
رقم الطبعة 21
رقم التصنيف 229.7\
رقم المادة م م
100 0# - المدخل الرئيسى - إسم شخصى
الإسم الشخصى مصطفى شعبان المصرى
245 10 - بيان العنوان
العنوان من الاعجاز اللغوى فى القران :
بقية العنوان دراسة لغوية اسلوبية فى مناسبة اللفظ لسياق الحال /
بيان المسئوليه,etc تاليف مصطفى شعبان المصرى ؛ تقديم عبده الراجحى
250 ## - بيان الطبعة
بيان الطبعة ط1
260 ## - PUBLICATION, DISTRIBUTION, ETC. (IMPRINT)
تاريخ النشر أو التوزيع 2013 .
300 ## - الوصف المادى
التعداد 428 ص ؛
أبعاد الوعاء 24 سم .
504 ## - تبصرة ببليوجرافية
تبصرة ببليوجرافية,الخ يشتمل على ارجاعات ببليوجرافية
650 04 - المدخل الاضافى بالموضوع-مصطلح موضوعى
مصطلح موضوعي القران
التقسيم الفرعي العام الفاظ
650 04 - المدخل الاضافى بالموضوع-مصطلح موضوعى
مصطلح موضوعي القران
التقسيم الفرعي العام اعجاز
650 04 - المدخل الاضافى بالموضوع-مصطلح موضوعى
مصطلح موضوعي القران
التقسيم الفرعي العام اسرار
650 04 - المدخل الاضافى بالموضوع-مصطلح موضوعى
مصطلح موضوعي القران
التقسيم الفرعي العام بلاغة
700 0# - المدخل الاضافى - اسم شخصى
الإسم الشخصى عبده الراجحى
الدور مقدم
942 ## - عناصر المدخل الإضافي( كوها)
مصدر التصنيف او مخطط الترفيف Dewey Decimal Classification
Koha [default] item type كتاب
260 ## - PUBLICATION, DISTRIBUTION, ETC. (IMPRINT)
-- الاسكندرية :
-- المكتب الجامعى الحديث ،
Holdings
حالة التراجع حالة الفقد حالة تلف ليس للاعارة المكان المؤقت الموقع الحالى تاريخ الاكتساب اجمالي اﻻعارات رقم الطلب الباركود تاريخ اخر مشاهدة تاريخ تفعيل السعر نوع وعاء كوها
        مكتبة القاهرة الكبرى مكتبة القاهرة الكبرى 01/17/2016   229.7\ م م 161144 01/17/2016 01/17/2016 كتاب

Powered By

EGPV